[Event "9th Asia-ch (women)"]
[Site "Chennai IND"]
[Date "2001.09.07"]
[Round "6"]
[White "Prathiba, Yuvarajan"]
[Black "Dhar-Barua, Saheli"]
[Result "1-0"]
[WhiteElo "2054"]
[BlackElo "2248"]
[EventDate "2001.09.03"]
[PlyCount "231"]

1.e4 e6 2.d4 d5 3.Nd2 Nf6 4.e5 Nfd7 5.f4 c5 6.c3 Nc6 7.Ndf3 Qb6 8.a3 a5 9.
b3 Be7 10.g3 f6 11.Bh3 cxd4 12.cxd4 fxe5 13.fxe5 O-O 14.Qd3 Kh8 15.Ne2 
Ndb8 16.O-O Na6 17.Kg2 Bd7 18.Bg4 Qd8 19.h4 Nc7 20.Ng5 Bxg5 21.Bxg5 Qe8 
22.Rxf8+ Qxf8 23.h5 Ne7 24.Rf1 Nf5 25.Bxf5 exf5 26.g4 Qe8 27.h6 Qg6 28.
hxg7+ Kg8 29.Qe3 fxg4 30.Rf6 Qh5 31.Bh6 Qh3+ 32.Qxh3 gxh3+ 33.Kh2 Ne6 34.
Rf5 Rc8 35.Nf4 Rc2+ 36.Kg1 Rc1+ 37.Kh2 Rc2+ 38.Kg1 Rc1+ 39.Kf2 Rc2+ 40.Ke3
Nxg7 41.Rg5 h2 42.Rxg7+ Kf8 43.Rxh7+ Kg8 44.Rg7+ Kf8 45.Rg1+ Kf7 46.Rh1 
Rb2 47.Ne2 Rxb3+ 48.Kf2 Rxa3 49.Rxh2 Bb5 50.Be3 Bd3 51.Nf4 Be4 52.Rh6 a4 
53.Rf6+ Ke8 54.Re6+ Kf7 55.Rb6 Ra2+ 56.Kg3 Ra3 57.Rxb7+ Ke8 58.Kf2 Ra2+ 
59.Ke1 Ra1+ 60.Kd2 a3 61.Ra7 a2 62.Ne2 Bd3 63.Nc1 Bc4 64.Kc2 Rb1 65.Nxa2 
Ra1 66.Kb2 Re1 67.Bd2 Rd1 68.Bc3 Rh1 69.Nb4 Rh2+ 70.Kc1 Rh3 71.Kc2 Rh2+ 
72.Bd2 Rh4 73.Be3 Rh3 74.Ra3 Rh2+ 75.Kc1 Kf7 76.Ra7+ Ke6 77.Rg7 Kf5 78.Bg1
Rh3 79.Rf7+ Ke6 80.Rf6+ Ke7 81.Nc6+ Ke8 82.e6 Bb5 83.Nb4 Bc4 84.Nc6 Bb5 
85.Ne5 Ke7 86.Rg6 Be8 87.Rg8 Bb5 88.Rb8 Be8 89.Bf2 Rh2 90.Bg3 Rh3 91.Bf4 
Bh5 92.Rb6 Rh1+ 93.Kb2 Rg1 94.Nf7 Bxf7 95.exf7 Kxf7 96.Rd6 Rf1 97.Be5 Rf3 
98.Rxd5 Ke7 99.Rd6 Re3 100.Kc2 Ra3 101.Rh6 Re3 102.Bf4 Rf3 103.Bg5+ Kd7 
104.Rf6 Rh3 105.Kd2 Ra3 106.Bf4 Rb3 107.d5 Ke7 108.Rh6 Rb5 109.d6+ Ke8 
110.Ke3 Rd5 111.Ke4 Rd1 112.Ke5 Re1+ 113.Kd5 Rg1 114.Ke6 Rg8 115.d7+ Kd8 
116.Bg5+ 1-0

[Event "9th Asia-ch (women)"]
[Site "Chennai IND"]
[Date "2001.09.07"]
[Round "6"]
[White "Sultana, Zakia"]
[Black "Hamid, Rani"]
[Result "1/2-1/2"]
[WhiteElo "2012"]
[BlackElo "2130"]
[EventDate "2001.09.03"]
[PlyCount "20"]

1.d4 d5 2.Nf3 Nf6 3.e3 e6 4.Bd3 c5 5.c3 Nc6 6.O-O Bd6 7.Nbd2 O-O 8.Re1 e5 
9.dxe5 Nxe5 10.Nxe5 Bxe5 1/2-1/2

[Event "9th Asia-ch (women)"]
[Site "Chennai IND"]
[Date "2001.09.08"]
[Round "7"]
[White "Mohota, Nisha"]
[Black "Li Ruofan"]
[Result "0-1"]
[WhiteElo "2236"]
[BlackElo "2293"]
[EventDate "2001.09.03"]
[PlyCount "96"]

1.d4 Nf6 2.c4 c5 3.d5 b5 4.cxb5 a6 5.bxa6 g6 6.Nc3 Bxa6 7.g3 Bg7 8.Bg2 d6 
9.Nf3 Nbd7 10.Rb1 O-O 11.O-O Ra7 12.b3 Qa8 13.Bb2 Rb8 14.Re1 Rab7 15.e4 
Ng4 16.Bf1 Rb4 17.Qc2 Nge5 18.Nd2 c4 19.bxc4 Nxc4 20.Bxc4 Bxc4 21.Ba1 Nc5 
22.Rxb4 Rxb4 23.Nxc4 Rxc4 24.Qd2 Bxc3 25.Bxc3 Nxe4 26.Qd3 Rxc3 27.Qxe4 
Qxa2 28.Qxe7 Qxd5 29.Qf6 Qc6 30.h4 Rc1 31.Rxc1 Qxc1+ 32.Kh2 Qc5 33.Kg2 h5 
34.Kf3 Qd5+ 35.Kf4 Qe6 36.Qd8+ Kg7 37.Qc7 d5 38.Qe5+ Qf6+ 39.Qxf6+ Kxf6 
40.Ke3 Ke5 41.Kd3 d4 42.Ke2 Ke4 43.f3+ Kd5 44.Kd3 f5 45.Kd2 Kc4 46.Kc2 d3+
47.Kd1 Kc3 48.Kc1 d2+ 0-1

[Event "9th Asia-ch (women)"]
[Site "Chennai IND"]
[Date "2001.09.08"]
[Round "7"]
[White "Wang Yu"]
[Black "Vijayalakshmi, Subbaraman"]
[Result "0-1"]
[WhiteElo "2382"]
[BlackElo "2397"]
[EventDate "2001.09.03"]
[PlyCount "90"]

1.e4 e5 2.Nf3 Nc6 3.Bc4 Bc5 4.c3 Nf6 5.d3 d6 6.Bb3 a6 7.O-O O-O 8.Nbd2 Ba7
9.h3 h6 10.Re1 Nh5 11.Nf1 Qf6 12.Ne3 Nf4 13.Ng4 Qg6 14.Bxf4 Bxg4 15.hxg4 
exf4 16.d4 Rad8 17.Bd5 Ne7 18.Bxb7 a5 19.Qe2 Qxg4 20.Qa6 Bb6 21.b4 axb4 
22.cxb4 Ng6 23.a4 Nh4 24.Nxh4 Qxh4 25.Qd3 f3 26.Qxf3 Bxd4 27.Rac1 Rde8 28.
Rc4 c5 29.a5 f5 30.Bd5+ Kh8 31.e5 dxe5 32.bxc5 Qd8 33.a6 Qa5 34.Rec1 Bb2 
35.Rb1 Qxa6 36.c6 e4 37.Qb3 Be5 38.c7 Qa5 39.Qb7 Rc8 40.Rbc1 e3 41.fxe3 
Qd2 42.Kh1 Qxe3 43.Qb4 Qg3 44.Kg1 Rfe8 45.Bc6 Rxc7 0-1

[Event "9th Asia-ch (women)"]
[Site "Chennai IND"]
[Date "2001.09.08"]
[Round "7"]
[White "Huang Qian"]
[Black "Geldieva, Mekhri"]
[Result "1-0"]
[WhiteElo "2260"]
[BlackElo "2284"]
[EventDate "2001.09.03"]
[PlyCount "75"]

1.Nf3 Nf6 2.g3 d5 3.Bg2 g6 4.O-O Bg7 5.d3 O-O 6.Nbd2 c6 7.c3 Nbd7 8.Re1 
Qc7 9.Qc2 Rd8 10.h3 e5 11.e4 dxe4 12.Nxe4 Nxe4 13.dxe4 h6 14.Be3 Nf8 15.
Nd2 b6 16.Nf1 Ba6 17.f4 Nd7 18.Qf2 Nf6 19.g4 Rd7 20.Ng3 Re8 21.fxe5 Qxe5 
22.Bd4 Qe6 23.e5 Nd5 24.Ne4 Rde7 25.Nd6 Rd8 26.Rad1 Rc7 27.c4 Ne7 28.b3 
Nc8 29.Bc3 Rcd7 30.Bxc6 Ne7 31.Bxd7 Rxd7 32.Nxf7 Rxd1 33.Rxd1 Qxf7 34.Rd8+
Bf8 35.Qxf7+ Kxf7 36.e6+ Kg8 37.Bf6 Nc6 38.e7 1-0

[Event "9th Asia-ch (women)"]
[Site "Chennai IND"]
[Date "2001.09.08"]
[Round "7"]
[White "Ramaswamy, Aarthie"]
[Black "Nguyen Thi Thanh An"]
[Result "1-0"]
[WhiteElo "2249"]
[BlackElo "2275"]
[EventDate "2001.09.03"]
[PlyCount "143"]

1.e4 c6 2.d4 d5 3.Nd2 dxe4 4.Nxe4 Bf5 5.Ng3 Bg6 6.h4 h6 7.Nf3 Nd7 8.h5 Bh7
9.Bd3 Bxd3 10.Qxd3 e6 11.Bd2 Ngf6 12.O-O-O Qc7 13.Kb1 O-O-O 14.Ne4 Nc5 15.
Nxc5 Bxc5 16.c3 Bd6 17.Qe2 Kb8 18.c4 Rhe8 19.Bc3 Ka8 20.Ne5 Re7 21.f4 Ne8 
22.g3 Bxe5 23.dxe5 Rxd1+ 24.Rxd1 Rd7 25.Kc2 Kb8 26.Rxd7 Qxd7 27.Qe4 Kc8 
28.g4 Qd8 29.Qe3 Qh4 30.Qxa7 Nc7 31.Qc5 b6 32.Qxb6 Qxg4 33.Qxc6 Qxf4 34.
Qc5 Qh2+ 35.Kb3 Qxh5 36.Ba5 Qd1+ 37.Ka3 Qd7 38.Qf8+ Kb7 39.Qd6 Qc6 40.Qb4+
Kc8 41.Qf8+ Kb7 42.Bxc7 Qxc7 43.Qxg7 Qxc4 44.Qxf7+ Kc6 45.Qf3+ Kc5 46.b3 
Qc1+ 47.Ka4 Qd2 48.Qf8+ Kb6 49.Qb8+ Ka6 50.Qa8+ Kb6 51.Qb8+ Ka6 52.Qc8+ 
Ka7 53.Qxe6 Qxa2+ 54.Kb4 Qd2+ 55.Kc4 Qc2+ 56.Kd4 h5 57.Qf7+ Kb6 58.Qxh5 
Qxb3 59.Qg6+ Kc7 60.Qd6+ Kc8 61.Ke4 Qb1+ 62.Kf4 Qf1+ 63.Kg5 Qg2+ 64.Kf6 
Qf2+ 65.Kg7 Qg3+ 66.Kf8 Qf3+ 67.Ke7 Qb7+ 68.Ke8 Qb5+ 69.Kf8 Qb7 70.Qe6+ 
Qd7 71.Qxd7+ Kxd7 72.Kf7 1-0

[Event "9th Asia-ch (women)"]
[Site "Chennai IND"]
[Date "2001.09.08"]
[Round "7"]
[White "Gu Xiaobing"]
[Black "Swathi, Ghate"]
[Result "0-1"]
[WhiteElo "2300"]
[BlackElo "2260"]
[EventDate "2001.09.03"]
[PlyCount "82"]

1.e4 c5 2.Nf3 Nc6 3.d4 cxd4 4.Nxd4 Nf6 5.Nc3 e5 6.Ndb5 d6 7.Nd5 Nxd5 8.
exd5 Nb8 9.c4 a6 10.Nc3 Be7 11.Be2 O-O 12.O-O f5 13.f4 Bf6 14.Kh1 Nd7 15.
Qc2 exf4 16.Bxf4 Ne5 17.b4 Ng6 18.g3 a5 19.b5 Nxf4 20.gxf4 b6 21.Bd3 Bd7 
22.Rae1 Rc8 23.Ne2 Bxb5 24.Bxf5 Bxc4 25.Be6+ Kh8 26.Bxc8 Qxc8 27.Qd2 Qf5 
28.Rf2 Qe4+ 29.Kg1 Re8 30.Rc1 Bxe2 31.Rxe2 Bd4+ 32.Rf2 Qxd5 33.a4 h5 34.h3
Bxf2+ 35.Qxf2 Qd3 36.Qxb6 Qg3+ 37.Kh1 Qxh3+ 38.Kg1 Qg3+ 39.Kh1 Qxf4 40.Rg1
Qh4+ 41.Kg2 Re2+ 0-1

[Event "9th Asia-ch (women)"]
[Site "Chennai IND"]
[Date "2001.09.08"]
[Round "7"]
[White "Zhao Xue"]
[Black "Yu Ting"]
[Result "1/2-1/2"]
[WhiteElo "2372"]
[BlackElo "2256"]
[EventDate "2001.09.03"]
[PlyCount "99"]

1.e4 c5 2.Nf3 d6 3.d4 cxd4 4.Nxd4 Nf6 5.Nc3 g6 6.Be3 Bg7 7.Be2 O-O 8.h3 
Nc6 9.O-O d5 10.exd5 Nxd5 11.Nxd5 Nxd4 12.Bc4 Nf5 13.Bc5 Be6 14.Ba3 b5 15.
Bb3 a5 16.c3 b4 17.cxb4 a4 18.Bc4 Rc8 19.Rc1 Rxc4 20.Rxc4 Bxd5 21.Rc5 Bd4 
22.Ra5 e6 23.Qd2 Bb6 24.Rxa4 Ng3 25.b5 Nxf1 26.Qh6 Re8 27.Rh4 Bxf2+ 28.
Kxf2 Qf6+ 29.Kg1 Qg7 30.Qxg7+ Kxg7 31.Kxf1 Bxa2 32.b6 Bd5 33.Bd6 Bb7 34.
Kf2 f6 35.Rc4 Rc8 36.Bc7 e5 37.g3 Kf7 38.Ke3 Ke6 39.Rh4 h5 40.Kd3 Ra8 41.
Rb4 Ra5 42.Kc4 Kd7 43.Kc3 Rc5+ 44.Kd3 Ra5 45.Rb3 Rd5+ 46.Ke3 Ra5 47.Rc3 
Rb5 48.Rd3+ Rd5 49.Rc3 Rb5 50.Rd3+ 1/2-1/2

[Event "9th Asia-ch (women)"]
[Site "Chennai IND"]
[Date "2001.09.08"]
[Round "7"]
[White "Le Kieu Thien Kim"]
[Black "Levushkina, Elena"]
[Result "0-1"]
[WhiteElo "2307"]
[BlackElo "2208"]
[EventDate "2001.09.03"]
[PlyCount "60"]

1.d4 d5 2.Nf3 Nf6 3.e3 e6 4.Bd3 c5 5.b3 Nbd7 6.Nbd2 Bd6 7.Bb2 O-O 8.Ne5 
Qc7 9.f4 b6 10.O-O a5 11.Qf3 cxd4 12.Nxd7 Bxd7 13.exd4 b5 14.a3 b4 15.axb4
axb4 16.Rae1 Ra2 17.Bc1 Qb6 18.Nb1 Bb5 19.Kh1 Bxd3 20.Qxd3 Qc7 21.c4 dxc4 
22.bxc4 Qb7 23.Re2 Rfa8 24.Rxa2 Rxa2 25.Nd2 Nh5 26.Qb3 Qa8 27.Nf3 Bxf4 28.
Qxb4 Bxc1 29.Rxc1 Nf4 30.Rg1 Nd3 0-1

[Event "9th Asia-ch (women)"]
[Site "Chennai IND"]
[Date "2001.09.08"]
[Round "7"]
[White "Khegai, Angela"]
[Black "Prathiba, Yuvarajan"]
[Result "1-0"]
[WhiteElo "2235"]
[BlackElo "2054"]
[EventDate "2001.09.03"]
[PlyCount "75"]

1.d4 e6 2.c4 f5 3.g3 c6 4.Bg2 d5 5.Nf3 Nf6 6.O-O Bd6 7.b3 Qe7 8.Qc2 O-O 9.
Bf4 Ne4 10.Nc3 g5 11.Bxd6 Nxd6 12.Ne5 Nd7 13.c5 Ne8 14.b4 Nxe5 15.dxe5 b6 
16.cxb6 axb6 17.b5 Bb7 18.bxc6 Bxc6 19.Rac1 Kh8 20.Qb2 Ra6 21.Ne4 Bd7 22.
Nd2 Ba4 23.Nf3 Ng7 24.Nd4 Rfa8 25.Rc3 Be8 26.Ra1 Ra4 27.e3 Rb4 28.Qc1 Rba4
29.Bf1 f4 30.Rc8 fxg3 31.hxg3 Rxc8 32.Qxc8 Qd7 33.Qb8 Qa7 34.Qd8 Rxa2 35.
Rxa2 Qxa2 36.Nxe6 Qa4 37.Qf6 Qd7 38.Qf8# 1-0

[Event "9th Asia-ch (women)"]
[Site "Chennai IND"]
[Date "2001.09.08"]
[Round "7"]
[White "Khamrakulova, Iroda"]
[Black "Kasturi, M."]
[Result "1-0"]
[WhiteElo "2217"]
[BlackElo "2115"]
[EventDate "2001.09.03"]
[PlyCount "61"]

1.e4 e5 2.Nf3 Nf6 3.Nc3 d6 4.d4 Nbd7 5.Bc4 Be7 6.O-O h6 7.Be3 c6 8.a4 Qc7 
9.Nd2 g5 10.Qe2 Nf8 11.d5 Ng6 12.b4 Nf4 13.Bxf4 gxf4 14.dxc6 bxc6 15.b5 c5
16.Nd5 Nxd5 17.Bxd5 Bb7 18.Bxb7 Qxb7 19.Nc4 Rg8 20.Rfd1 O-O-O 21.a5 f5 22.
f3 fxe4 23.fxe4 f3 24.Qxf3 Qxb5 25.Qf5+ Kc7 26.Ne3 Rdf8 27.Qe6 Rg7 28.Rab1
Qe8 29.a6 Qc8 30.Rb7+ Kd8 31.Rxd6+ 1-0

[Event "9th Asia-ch (women)"]
[Site "Chennai IND"]
[Date "2001.09.08"]
[Round "7"]
[White "Gokhale, Anupama"]
[Black "Thipsay, Bagyashree Sathe"]
[Result "1-0"]
[WhiteElo "2251"]
[BlackElo "2241"]
[EventDate "2001.09.03"]
[PlyCount "83"]

1.d4 e6 2.g3 f5 3.Bg2 Nf6 4.c4 d5 5.Nh3 c6 6.b3 Bd6 7.O-O O-O 8.Bf4 Be7 9.
Nd2 Na6 10.c5 Ne4 11.Nxe4 dxe4 12.Be5 Nb4 13.f3 exf3 14.Bxf3 Nd5 15.Qd2 
Nf6 16.Rad1 Bd7 17.Nf2 Be8 18.b4 a6 19.a4 Qd7 20.e4 Bg6 21.Bxf6 Bxf6 22.e5
Bd8 23.Nh3 Bc7 24.Qg2 Rab8 25.Rd2 a5 26.b5 cxb5 27.d5 Bxe5 28.dxe6 Qe7 29.
Rd5 Qxe6 30.Rd6 Qc8 31.Rxg6 Qxc5+ 32.Kh1 hxg6 33.Bd5+ Rf7 34.Ng5 Rf8 35.
Ne6 Qd6 36.Nxf8 Qxf8 37.axb5 b6 38.Qa2 Bd6 39.Rc1 Bc5 40.Bxf7+ Qxf7 41.
Qxf7+ Kxf7 42.Rxc5 1-0

[Event "9th Asia-ch (women)"]
[Site "Chennai IND"]
[Date "2001.09.09"]
[Round "8"]
[White "Li Ruofan"]
[Black "Vijayalakshmi, Subbaraman"]
[Result "1-0"]
[WhiteElo "2293"]
[BlackElo "2397"]
[EventDate "2001.09.03"]
[PlyCount "115"]

1.e4 e5 2.Nf3 Nc6 3.Bb5 a6 4.Ba4 Nf6 5.d3 d6 6.c3 Be7 7.O-O O-O 8.Re1 b5 
9.Bb3 Bg4 10.h3 Bh5 11.Nbd2 Kh8 12.Nf1 Na5 13.Bc2 Ng8 14.Ng3 Bg6 15.d4 f6 
16.Nh4 Bf7 17.Nhf5 g6 18.Nxe7 Qxe7 19.f4 c5 20.dxc5 dxc5 21.f5 g5 22.h4 h6
23.Rf1 gxh4 24.Nh1 h3 25.gxh3 Bc4 26.Rf2 Rf7 27.Kh2 Rd8 28.Qf3 Rh7 29.Ng3 
b4 30.Be3 bxc3 31.bxc3 Nb7 32.Rg2 Bf7 33.a4 h5 34.Rag1 h4 35.Nf1 c4 36.Qf2
Bh5 37.Qxh4 Qf7 38.Qf2 Nd6 39.Nd2 Nh6 40.Nf3 Bxf3 41.Qxf3 Qb7 42.Rg6 Ng8 
43.Qg2 Qf7 44.Bd1 Ne7 45.Be2 Rb8 46.Bc5 Ndc8 47.Rd1 Nc6 48.Rd7 N8e7 49.Rd6
Rb2 50.Rdxf6 Qe8 51.Rh6 Qg8 52.Qf2 Qg5 53.Be3 Qg7 54.Rxh7+ Kxh7 55.Rh6+ 
Qxh6 56.Bxh6 Kxh6 57.Kg3 Nc8 58.Qe3+ 1-0

[Event "9th Asia-ch (women)"]
[Site "Chennai IND"]
[Date "2001.09.09"]
[Round "8"]
[White "Swathi, Ghate"]
[Black "Huang Qian"]
[Result "1-0"]
[WhiteElo "2260"]
[BlackElo "2260"]
[EventDate "2001.09.03"]
[PlyCount "72"]

1.e4 d5 2.exd5 Qxd5 3.Nc3 Qa5 4.d4 Nf6 5.Nf3 c6 6.Ne5 Bf5 7.g4 Be6 8.Bc4 
Bd5 9.Bxd5 cxd5 10.g5 Nfd7 11.f4 e6 12.Qd3 a6 13.Be3 Nxe5 14.fxe5 Nc6 15.
a3 Ne7 16.O-O g6 17.Nd1 Nf5 18.Nf2 h5 19.gxh6 Bxh6 20.Bxh6 Rxh6 21.Ng4 Rh4
22.Nf6+ Ke7 23.c3 Rah8 24.Rf2 Qb5 25.Qd2 Rh3 26.Rd1 Kf8 27.Re1 R8h6 28.c4 
dxc4 29.d5 Rd3 30.Qg5 Kg7 31.dxe6 fxe6 32.Ng4 Rh8 33.Qf6+ Kh7 34.Rxf5 Rd7 
35.Rf3 Qb6+ 36.Ne3 Rc8 1-0

[Event "9th Asia-ch (women)"]
[Site "Chennai IND"]
[Date "2001.09.09"]
[Round "8"]
[White "Mohota, Nisha"]
[Black "Ramaswamy, Aarthie"]
[Result "0-1"]
[WhiteElo "2236"]
[BlackElo "2249"]
[EventDate "2001.09.03"]
[PlyCount "106"]

1.d4 Nf6 2.c4 g6 3.Nc3 Bg7 4.Nf3 O-O 5.g3 d6 6.Bg2 c5 7.O-O Nc6 8.d5 Na5 
9.Nd2 a6 10.Qc2 Rb8 11.b3 b5 12.Bb2 bxc4 13.bxc4 Bh6 14.f4 e5 15.dxe6 Bxe6
16.Nd5 Rxb2 17.Qxb2 Bg7 18.Qc1 Bxd5 19.Bxd5 Nxd5 20.cxd5 Bd4+ 21.Kg2 Qe7 
22.Re1 Bxa1 23.Qxa1 Nc4 24.Nxc4 Qe4+ 25.Kh3 Qxc4 26.e4 Re8 27.Qf6 Rxe4 28.
Rxe4 Qxe4 29.Qxd6 c4 30.Qc5 Qf5+ 31.Kg2 c3 32.Qxc3 Qxd5+ 33.Kg1 Qxa2 34.
Qc8+ Kg7 35.Qc3+ Kf8 36.g4 Qe6 37.Qb4+ Kg7 38.g5 h5 39.Kf2 Qf5 40.Qd4+ Kh7
41.Qc4 a5 42.Kg2 Qd7 43.Kf2 a4 44.h3 a3 45.Qa2 Qa7+ 46.Ke2 Kg8 47.Kd3 Qd7+
48.Kc3 Qxh3+ 49.Kb4 Qe6 50.Qa1 Qe4+ 51.Kb3 Qb7+ 52.Kc4 Qb2 53.Qe1 a2 0-1

[Event "9th Asia-ch (women)"]
[Site "Chennai IND"]
[Date "2001.09.09"]
[Round "8"]
[White "Geldieva, Mekhri"]
[Black "Wang Yu"]
[Result "0-1"]
[WhiteElo "2284"]
[BlackElo "2382"]
[EventDate "2001.09.03"]
[PlyCount "86"]

1.d4 Nf6 2.c4 c5 3.d5 e6 4.Nc3 exd5 5.cxd5 d6 6.e4 g6 7.Bc4 Bg7 8.Nge2 O-O
9.O-O Re8 10.f3 a6 11.a4 Nbd7 12.Ng3 h5 13.Bg5 Ne5 14.Be2 c4 15.Qd2 Qc7 
16.Rfe1 Rb8 17.Be3 Nfd7 18.f4 Ng4 19.Bd4 b5 20.axb5 axb5 21.Bxg4 hxg4 22.
Ra7 Bxd4+ 23.Qxd4 Qc5 24.Qf2 Qxf2+ 25.Kxf2 Nc5 26.Re2 b4 27.Nd1 Ba6 28.Rc2
Bb5 29.Ke3 Ba4 30.Rd2 f5 31.e5 dxe5 32.fxe5 Bxd1 33.Rxd1 Nd3 34.Kd4 Nxe5 
35.Rda1 Rbc8 36.Rb7 c3 37.Rxb4 cxb2 38.Rb1 Rc1 39.R1xb2 Rd1+ 40.Kc3 Rc8+ 
41.Kb3 Nd3 42.Rc2 Rb1+ 43.Ka3 Ra8+ 0-1

[Event "9th Asia-ch (women)"]
[Site "Chennai IND"]
[Date "2001.09.09"]
[Round "8"]
[White "Levushkina, Elena"]
[Black "Nguyen Thi Thanh An"]
[Result "0-1"]
[WhiteElo "2208"]
[BlackElo "2275"]
[EventDate "2001.09.03"]
[PlyCount "76"]

1.e4 g6 2.d4 Bg7 3.Nf3 d6 4.c3 Nf6 5.Bd3 O-O 6.O-O Nbd7 7.Nbd2 e5 8.Qc2 
Nh5 9.Rd1 Nf4 10.Bf1 Qf6 11.g3 Ne6 12.dxe5 Nxe5 13.Nxe5 dxe5 14.Nc4 Ng5 
15.Bxg5 Qxg5 16.Ne3 c6 17.Qb3 Kh8 18.Rd6 f5 19.exf5 gxf5 20.Rad1 f4 21.Ng2
Bg4 22.R1d2 Rab8 23.Qc2 Rbe8 24.Bd3 Bh3 25.Be4 Qh5 26.Qd1 Bg4 27.Qa4 Bh6 
28.R2d3 Be2 29.Rd7 Bg7 30.Rd2 fxg3 31.hxg3 Rxf2 32.Kxf2 Rf8+ 33.Nf4 Bb5 
34.Qd1 Qh2+ 35.Bg2 exf4 36.Rd8 fxg3+ 37.Ke3 Qh6+ 38.Ke4 Qf4# 0-1

[Event "9th Asia-ch (women)"]
[Site "Chennai IND"]
[Date "2001.09.09"]
[Round "8"]
[White "Yu Ting"]
[Black "Meenakshi, Subbaraman"]
[Result "1-0"]
[WhiteElo "2256"]
[BlackElo "2245"]
[EventDate "2001.09.03"]
[PlyCount "67"]

1.e4 e5 2.Nf3 Nf6 3.Nc3 Nc6 4.g3 Bb4 5.d3 d5 6.exd5 Nxd5 7.Bd2 Nxc3 8.bxc3
Bc5 9.Bg2 O-O 10.O-O Bg4 11.h3 Bh5 12.g4 Bg6 13.Ng5 Bb6 14.a4 Ne7 15.a5 
Bc5 16.a6 Nd5 17.axb7 Rb8 18.Ra5 Bd6 19.Rxd5 c6 20.Rxd6 Qxd6 21.Ne4 Bxe4 
22.Bxe4 Rxb7 23.c4 g6 24.Bc3 f5 25.Bg2 Re7 26.Qf3 Qa3 27.Ba1 e4 28.Qf4 
fxg4 29.Qxg4 e3 30.Qd4 Rxf2 31.Rxf2 exf2+ 32.Kxf2 Rf7+ 33.Kg3 Kf8 34.Qd8# 
1-0

[Event "9th Asia-ch (women)"]
[Site "Chennai IND"]
[Date "2001.09.09"]
[Round "8"]
[White "Khamrakulova, Iroda"]
[Black "Zhao Xue"]
[Result "0-1"]
[WhiteElo "2217"]
[BlackElo "2372"]
[EventDate "2001.09.03"]
[PlyCount "84"]

1.e4 c5 2.Nf3 d6 3.c3 Nf6 4.Bd3 Nbd7 5.Bc2 e6 6.O-O Be7 7.d4 cxd4 8.cxd4 
O-O 9.Nc3 e5 10.Be3 a6 11.a4 b6 12.Rc1 Bb7 13.d5 b5 14.axb5 axb5 15.Bd3 b4
16.Ne2 Qb8 17.Ng3 Re8 18.Qb3 Ng4 19.Qxb4 Nxe3 20.fxe3 Nc5 21.Bc4 Ba6 22.
Qxb8 Rexb8 23.Bxa6 Rxa6 24.Rc2 g6 25.Nd2 Bg5 26.Nc4 h5 27.Ne2 Rb4 28.h4 
Be7 29.g3 Nxe4 30.Kg2 Nf6 31.Rd1 Ng4 32.Rd3 e4 33.Rdc3 Bf6 34.Nd4 Rxc4 35.
Rxc4 Nxe3+ 36.Kh3 Bxd4 37.Rc8+ Kg7 38.Re2 Ra1 39.Re8 Ng4 40.Kg2 Rg1+ 41.
Kh3 Rh1+ 42.Kg2 Rh2+ 0-1

[Event "9th Asia-ch (women)"]
[Site "Chennai IND"]
[Date "2001.09.09"]
[Round "8"]
[White "Le Kieu Thien Kim"]
[Black "Gu Xiaobing"]
[Result "1-0"]
[WhiteElo "2307"]
[BlackElo "2300"]
[EventDate "2001.09.03"]
[PlyCount "111"]

1.d4 Nf6 2.Nf3 c5 3.e3 d5 4.b3 Nc6 5.Bd3 Bg4 6.Bb2 e6 7.Nbd2 cxd4 8.exd4 
Bd6 9.a3 O-O 10.O-O Rc8 11.Re1 Nd7 12.Qb1 Qf6 13.c4 Kh8 14.h3 Bh5 15.c5 
Bf4 16.b4 Bxd2 17.Nxd2 Nxd4 18.Re3 e5 19.Qa2 Bg6 20.Rae1 Bxd3 21.Rxd3 Qf5 
22.Qb1 Rfe8 23.Bxd4 exd4 24.Rxd4 Rxe1+ 25.Qxe1 Nf6 26.Nf3 Re8 27.Qd1 Qe6 
28.a4 h6 29.Rd3 Ne4 30.Nd4 Qe5 31.Re3 Rc8 32.Rf3 Kg8 33.Rf5 Qe7 34.Rxd5 
Nc3 35.Qg4 Re8 36.Nf5 Qf6 37.Rd6 Ne2+ 38.Kh2 Qa1 39.Rd1 Qe5+ 40.g3 Re6 41.
Nd4 Nxd4 42.Qxd4 Qe2 43.Rd2 Qe1 44.Kg2 g6 45.Qf4 Re8 46.Rd7 Re7 47.Rxe7 
Qxe7 48.Qd4 Qe2 49.b5 Qc2 50.Qd5 Qxa4 51.Qxb7 Qc4 52.c6 Qd5+ 53.Kg1 Qd1+ 
54.Kh2 Qd4 55.c7 Qxf2+ 56.Qg2 1-0

[Event "9th Asia-ch (women)"]
[Site "Chennai IND"]
[Date "2001.09.10"]
[Round "9"]
[White "Wang Yu"]
[Black "Sergeeva, Maria"]
[Result "1-0"]
[WhiteElo "2382"]
[BlackElo "2327"]
[EventDate "2001.09.03"]
[PlyCount "99"]

1.e4 c5 2.Nf3 d6 3.d4 cxd4 4.Nxd4 Nf6 5.Nc3 a6 6.Be3 e6 7.g4 e5 8.Nf5 h6 
9.h3 g6 10.Nxh6 Rxh6 11.g5 Rh4 12.gxf6 Nd7 13.Bg5 Rh5 14.h4 Nxf6 15.Nd5 
Rxg5 16.Nxf6+ Qxf6 17.hxg5 Qxg5 18.Qd3 Qg4 19.Qe3 f5 20.Bh3 Qxe4 21.Qxe4 
fxe4 22.Bxc8 Rxc8 23.O-O-O Kd7 24.Rh8 Ke6 25.Rdh1 d5 26.R1h7 Rb8 27.Kd1 d4
28.Rg8 Kf6 29.Rhg7 Bxg7 30.Rxb8 b5 31.Rb6+ Kf5 32.Rxa6 g5 33.Ke2 Bf8 34.a3
b4 35.axb4 Bxb4 36.Rb6 Bc5 37.Rb7 Ke6 38.b4 Bd6 39.b5 Kd5 40.Rb6 g4 41.Rc6
Bc5 42.Rg6 d3+ 43.cxd3 exd3+ 44.Kxd3 Bxf2 45.b6 g3 46.Ke2 Bc5 47.b7 Ba7 
48.Kf1 e4 49.Ra6 Bb8 50.Ra8 1-0

[Event "9th Asia-ch (women)"]
[Site "Chennai IND"]
[Date "2001.09.10"]
[Round "9"]
[White "Nguyen Thi Thanh An"]
[Black "Mohota, Nisha"]
[Result "0-1"]
[WhiteElo "2275"]
[BlackElo "2236"]
[EventDate "2001.09.03"]
[PlyCount "76"]

1.c4 f5 2.Nc3 Nf6 3.g3 g6 4.Bg2 Bg7 5.Nf3 d6 6.O-O O-O 7.d3 e5 8.Bd2 Nc6 
9.Rb1 h6 10.b4 a6 11.a4 g5 12.b5 axb5 13.cxb5 Ne7 14.Qb3+ Kh8 15.Rfc1 f4 
16.Ne4 Ne8 17.Bb4 c5 18.Bc3 b6 19.a5 g4 20.Ne1 d5 21.Nd2 Ra7 22.axb6 Qxb6 
23.gxf4 Rxf4 24.e3 Rf8 25.Bxd5 Nxd5 26.Qxd5 Bb7 27.Qc4 Qf6 28.f4 gxf3 29.
Kf2 h5 30.b6 Nd6 31.Qf4 exf4 32.Bxf6 fxe3+ 33.Kxe3 Bxf6 34.Nexf3 Bxf3 35.
Kxf3 Bg5+ 36.Kg3 Rg7 37.Rxc5 Be3+ 38.Kh4 Bxc5 0-1

[Event "9th Asia-ch (women)"]
[Site "Chennai IND"]
[Date "2001.09.10"]
[Round "9"]
[White "Huang Qian"]
[Black "Yu Ting"]
[Result "1-0"]
[WhiteElo "2260"]
[BlackElo "2256"]
[EventDate "2001.09.03"]
[PlyCount "67"]

1.Nf3 Nf6 2.g3 b6 3.Bg2 Bb7 4.O-O e6 5.d3 d6 6.c3 Be7 7.Nbd2 O-O 8.Re1 
Nbd7 9.e4 c5 10.Qc2 Rc8 11.Nf1 Qc7 12.h3 Rfd8 13.Bf4 Bc6 14.g4 Qb7 15.c4 
Nf8 16.Ne3 e5 17.Bg3 Ne6 18.Qd2 b5 19.b3 a5 20.Nd5 Be8 21.Nxe7+ Qxe7 22.
Nh2 a4 23.Nf1 axb3 24.axb3 Nd4 25.Rab1 Ra8 26.Ne3 Ra3 27.Nf5 Nxf5 28.exf5 
Qc7 29.Bh4 Rb8 30.Bxf6 gxf6 31.Qh6 Qe7 32.Be4 Bd7 33.g5 Kh8 34.Kh1 1-0

[Event "9th Asia-ch (women)"]
[Site "Chennai IND"]
[Date "2001.09.10"]
[Round "9"]
[White "Zhao Xue"]
[Black "Levushkina, Elena"]
[Result "0-1"]
[WhiteElo "2372"]
[BlackElo "2208"]
[EventDate "2001.09.03"]
[PlyCount "62"]

1.c4 e5 2.Nc3 Nf6 3.g3 Bb4 4.Bg2 O-O 5.e4 Bxc3 6.bxc3 c6 7.Ne2 d5 8.cxd5 
cxd5 9.exd5 Nxd5 10.O-O Nc6 11.h3 Re8 12.a4 Be6 13.Kh2 Qd7 14.d4 exd4 15.
cxd4 Rad8 16.a5 Ndb4 17.Ba3 Bc4 18.Re1 Nd3 19.Rf1 Nb2 20.Bxb2 Bxe2 21.Qd2 
Bxf1 22.Rxf1 Nxd4 23.Qc3 Ne6 24.Re1 Rc8 25.Qb4 Rc2 26.Rf1 Qd2 27.Qa4 Rd8 
28.Ba1 Ra2 29.Qb3 Qxa5 30.Qb1 Rdd2 31.Kg1 Rxf2 0-1

[Event "9th Asia-ch (women)"]
[Site "Chennai IND"]
[Date "2001.09.10"]
[Round "9"]
[White "Gokhale, Anupama"]
[Black "Geldieva, Mekhri"]
[Result "0-1"]
[WhiteElo "2251"]
[BlackElo "2284"]
[EventDate "2001.09.03"]
[PlyCount "110"]

1.d4 Nf6 2.c4 e6 3.g3 d5 4.Nf3 c6 5.Qc2 Bd6 6.Bg2 Nbd7 7.Nbd2 O-O 8.O-O 
Qe7 9.e4 dxe4 10.Nxe4 Nxe4 11.Qxe4 e5 12.Bg5 f6 13.Bd2 f5 14.Qe2 e4 15.Ne1
Qf6 16.Nc2 Qg6 17.f4 Nf6 18.Ne3 Be6 19.b4 h5 20.a4 h4 21.gxh4 Nh5 22.d5 
Bf7 23.Nc2 cxd5 24.cxd5 Bxd5 25.Be3 Rac8 26.Qd2 Bc4 27.Rfc1 Rfd8 28.Nd4 
Bxf4 29.Kh1 Bxe3 30.Qxe3 Qf6 31.Ne2 Bxe2 32.Qxe2 Qxh4 33.Qe3 Nf6 34.Rxc8 
Rxc8 35.Qb3+ Kh8 36.Qe6 Re8 37.Qxf5 e3 38.Qh3 Qxh3 39.Bxh3 Nd5 40.b5 g6 
41.a5 Nb4 42.Bg4 Nc2 43.Rd1 e2 44.Bxe2 Rxe2 45.Rd8+ Kg7 46.Rd7+ Kf6 47.
Rxb7 Ne3 48.h3 Kg5 49.Rxa7 Kh4 50.Rg7 Kxh3 51.Kg1 Rg2+ 52.Kh1 Ng4 53.Rf7 
Nf2+ 54.Rxf2 Rxf2 55.Kg1 Rf5 0-1

[Event "9th Asia-ch (women)"]
[Site "Chennai IND"]
[Date "2001.09.10"]
[Round "9"]
[White "Gu Xiaobing"]
[Black "Kasturi, M."]
[Result "0-1"]
[WhiteElo "2300"]
[BlackElo "2115"]
[EventDate "2001.09.03"]
[PlyCount "160"]

1.e4 c5 2.Nf3 Nc6 3.d4 cxd4 4.Nxd4 Nf6 5.Nc3 e5 6.Ndb5 d6 7.Bg5 a6 8.Na3 
b5 9.Nd5 Be7 10.Bxf6 Bxf6 11.c4 b4 12.Nc2 Rb8 13.Be2 O-O 14.O-O Bg5 15.Qd3
Kh8 16.Rad1 f5 17.Nde3 fxe4 18.Qxe4 Bxe3 19.Qxe3 Bf5 20.Bd3 Bxd3 21.Rxd3 
Qf6 22.Qd2 Rbd8 23.Rf3 Qg6 24.Rxf8+ Rxf8 25.Nxb4 Nd4 26.f4 Qh5 27.fxe5 
Rxf1+ 28.Kxf1 dxe5 29.h3 Qf7+ 30.Kg1 Qxc4 31.Kh2 h6 32.Qc3 Qe2 33.a4 Qf2 
34.Nd5 e4 35.Qc1 Nf3+ 36.Kh1 Ne1 37.Qc8+ Kh7 38.Qg4 Qf1+ 39.Kh2 Qc4 40.
Qf5+ Kh8 41.Qf8+ Kh7 42.Qf7 Qd4 43.Qf5+ Kh8 44.Nf4 Qd6 45.Kh1 Nd3 46.Nd5 
Nf2+ 47.Kg1 Qc5 48.Kh2 Qd6+ 49.g3 Qc5 50.g4 Qc2 51.Kg3 Nh1+ 52.Kf4 Qh2+ 
53.Ke3 Qg1+ 54.Kd2 Qd4+ 55.Kc1 Nf2 56.Nc3 Qe3+ 57.Kb1 Qd3+ 58.Ka2 Qc4+ 59.
Ka3 e3 60.Qf3 Qc5+ 61.Kb3 Qd4 62.Qa8+ Kh7 63.Qxa6 Nd3 64.Qc4 Nc5+ 65.Kb4 
Nd3+ 66.Kb5 Qxc4+ 67.Kxc4 Nxb2+ 68.Kb5 Nxa4 69.Kxa4 h5 70.g5 h4 71.Kb3 Kg6
72.Kc2 Kxg5 73.Nd5 Kf5 74.Kd3 Ke5 75.Nxe3 Kf4 76.Nf1 Kf3 77.Kd4 Kg2 78.Ke4
Kxf1 79.Kf3 g5 80.Kg4 Kg2 0-1